[Event "4NCL 2019-20"]
[Site "Daventry"]
[Date "2020.02.09"]
[Round "6"]
[White "Murray, David"]
[Black "Ledger, Dave J"]
[Result "0-1"]
[WhiteElo "2145"]
[BlackElo "2135"]
[Annotator "TA"]
[PlyCount "112"]
[EventDate "2020.01.11"]
[EventCountry "ENG"]
[SourceTitle "playchess.com"]
[Source "ChessBase"]
[SourceQuality "1"]

{[%evp 17,112,0,0,0,0,-6,1,-14,14,0,8,5,41,3,67,-11,-5,-64,-70,-103,-104,-109,-72,-82,-81,-86,40,41,46,40,110,54,49,55,52,44,154,18,16,35,35,34,79,41,102,107,106,82,83,89,177,53,205,202,211,23,243,120,112,100,104,0,336,0,156,-36,-43,-256,-256,-260,-239,-256,-252,-333,-155,-226,-231,-214,-228,-199,-145,-403,-405,-375,-365,-565,-565,-546,-549,-587,-528,-716,-708,-12831,-1146,-5606,-2080]} 1. e4 e5 2. Nf3 Nc6 3. Bc4 Bc5 4. c3 Nf6 5. d4 exd4 6. e5 d5 7. Bb5 Ne4 8. cxd4 Bb6 9. Nc3 O-O 10. Be3 {C54: Giuoco Piano: 4 c3 Nf6, main lines with 5 d4 and 5 d3.} Bg4 11. Qc2 Bf5 {aiming for ...Nxc3.} 12. Qb3 {The position is equal.} Ne7 {[%cal Bc6e7,Be7f5,Bf5e3][%mdl 32]} 13. O-O c6 14. Be2 Bg4 15. Qc2 {[#]} f5 $146 ({Better is} 15... Nf5 $11) ({Predecessor:} 15... Nf5 16. Rad1 Nxe3 17. fxe3 Bxf3 18. Rxf3 f5 19. Bd3 Qg5 20. Rdf1 Rae8 21. Bxe4 fxe4 22. Nxe4 {1-0 (47) Socko,M (2449)-Jaracz,B (2306) Wroclaw 2009}) 16. exf6 (16. Ne1 $1 $14) 16... Nxf6 $11 17. Rfe1 (17. Na4 $11) 17... Nf5 $15 18. Bd3 Nxe3 19. fxe3 Qd6 20. Ne5 Bh5 $1 21. Na4 Rae8 (21... Ba5 $17 22. Rf1 Bc7) 22. Nxb6 $14 axb6 23. Rf1 Re7 {[#]} (23... b5 $14) 24. Rf4 (24. g4 $1 $16 {[%cal Rg4h5][%mdl 512]} Bf7 (24... Nxg4 25. Bxh7+) 25. g5) 24... Rxe5 25. dxe5 Qxe5 26. Re1 Re8 {[#]} (26... h6 $14) 27. Rf5 (27. Bxh7+ $1 $16 {[%mdl 512]} Nxh7 28. Rf5) 27... Qd6 $11 28. Rg5 Bf7 29. Qf2 Qe7 {next ...Ne4 is good for Black.} 30. Qh4 (30. Qg3 $5 {[%cal Rg5g7]} Bh5 31. h3 $14) 30... Ne4 (30... b5 $14) 31. Bxe4 $1 $16 Qxe4 32. Qg3 Bg6 33. h4 {Threatens to win with h5.} Re7 (33... Qe7 $16 {might work better.}) 34. Kh2 (34. h5 $18 Be8 35. h6) 34... Qb4 $2 (34... Be8 $14) 35. h5 $18 Be8 {intending ...h6.} 36. Re2 $2 ({Only move:} 36. h6 $1 $18 Bg6 37. Rf1) 36... Qc4 $2 {[#]} (36... h6 $1 $11 37. Rf5 Qe4) 37. Rf2 (37. h6 $1 $18 {[%mdl 512]} Bg6 38. Rf2) 37... h6 $16 38. Rgf5 {And now Rf8+ would win.} Kh7 39. R5f4 ({White should play} 39. R2f3 $16) 39... Qxa2 $2 {[%mdl 8192]} (39... Qc5 $11 {and Black stays safe.}) 40. Qg4 $2 (40. Rf8 $1 $18 {[%cal Rf8e8] White wants to mate with Rxe8!} Qb1 41. R2f6 $1 {[%mdl 512]} Bxh5 42. Rxh6+ $1 {[%mdl 576] Decoy} Kxh6 43. Qd6+ Kh7 44. Qxe7) 40... Qb1 $2 {[#]} ({Black should try} 40... Qb3 $1 $11) 41. e4 $2 ({White has to play} 41. Qe2 $1 $16 {Strongly threatening Rf1.} Re4 42. Rf1) 41... Re5 $1 $36 {[%cal Re5h5][%mdl 2048] Black has good play.} 42. Rf1 $2 (42. Qg3 $15) 42... Qxb2 $19 43. exd5 Rxh5+ 44. Kg1 Rxd5 45. Rb4 Qd2 (45... Qc3 $19 {is more deadly. White must now prevent ...Qc5+.} 46. Rc4 Qe3+ 47. Rf2 Bg6) 46. Re4 (46. Qf4 $17) 46... Bg6 47. Re7 Rg5 48. Qf3 {White threatens Rxg7+! and mate.} Rf5 (48... Qd6 $19 49. Rxb7 b5) 49. Qg4 $2 {[%mdl 8192]} (49. Qg3 $17 {keeps fighting.} Rxf1+ 50. Kxf1) 49... Rxf1+ 50. Kxf1 {[%mdl 4096] Endgame KQR-KQB} Qc1+ 51. Kf2 (51. Ke2 $142 Qb2+ 52. Ke1) 51... Qc5+ {[%mdl 64] Double Attack. Black is clearly winning.} 52. Re3 b5 {[%cal Bb6b5,Bb5b4,Bb4b3][%mdl 32]} 53. Qd7 b6 54. Ke2 b4 55. Kd2 Qc2+ 56. Ke1 b3 {Accuracy: White = 38%, Black = 49%.} 0-1

[Event "4NCL 2019-20"]
[Site "Daventry"]
[Date "2020.02.09"]
[Round "6"]
[White "Purton, Ben J"]
[Black "Connell, Blair N"]
[Result "1/2-1/2"]
[WhiteElo "2138"]
[BlackElo "2239"]
[Annotator "ChessBase"]
[PlyCount "34"]
[EventDate "2020.01.11"]
[EventCountry "ENG"]
[SourceTitle "playchess.com"]
[Source "ChessBase"]
[SourceQuality "1"]
[TimeControl "40/6000:3000+30"]

1. e4 {[%emt 0:37:34]} d6 {[%emt 0:01:59]} 2. d4 {[%emt 0:01:32]} Nf6 {[%emt 0:02:30]} 3. Nc3 {[%emt 0:00:41]} e5 {[%emt 0:00:56]} 4. Nf3 {[%emt 0:01:53]} Nbd7 {[%emt 0:00:43]} 5. Bc4 {[%emt 0:00:33]} Be7 {[%emt 0:01:49]} 6. O-O {[%emt 0:01:09]} c6 {[%emt 0:01:55]} 7. a4 {[%emt 0:02:41]} Qc7 {[%emt 0:02:43]} 8. Re1 {[%emt 0:02:33]} O-O {[%emt 0:07:40]} 9. h3 {[%emt 0:03:46]} b6 {[%emt 0:05:53]} 10. Ba2 {[%emt 0:02:40]} a6 {[%emt 0:00:22]} 11. Be3 {[%emt 0:01:42]} Bb7 {[%emt 0:04:35]} 12. Nh4 {[%emt 0:01:32]} g6 {[%emt 0:04:56]} 13. Nf3 {[%emt 0:02:58]} Rfe8 {[%emt 0:00:07]} 14. Ng5 {[%emt 0:01:04]} Rf8 {[%emt 0:00:10]} 15. Nf3 {[%emt 0:00:47]} Rfe8 {[%emt 0:10:12]} 16. Ng5 {[%emt 0:01:45]} Rf8 {[%emt 0:00:05]} 17. Nf3 {[%emt 0:01:25]} Qd8 {[%emt 0:00:23]} 1/2-1/2

[Event "4NCL 2019-20"]
[Site "Daventry"]
[Date "2020.02.09"]
[Round "6"]
[White "Steil-Antoni, Fiona"]
[Black "Head, Louise"]
[Result "1-0"]
[WhiteElo "2121"]
[BlackElo "2100"]
[Annotator "ChessBase"]
[PlyCount "65"]
[EventDate "2020.01.11"]
[EventCountry "ENG"]
[SourceTitle "playchess.com"]
[Source "ChessBase"]
[SourceQuality "1"]
[TimeControl "40/6000:3000+30"]

1. e4 {[%emt 0:00:21]} c6 {[%emt 0:00:01]} 2. d4 {[%emt 0:00:02]} d5 {[%emt 0:00:01]} 3. e5 c5 4. dxc5 {[%emt 0:00:03]} e6 {[%emt 0:00:01]} 5. a3 {[%emt 0:00:03]} Bxc5 {[%emt 0:00:04]} 6. Qg4 {[%emt 0:00:03]} Bf8 {[%emt 0:00:02]} 7. Nf3 {[%emt 0:00:03]} Ne7 {[%emt 0:00:02]} 8. Bd3 {[%emt 0:00:02]} Qc7 {[%emt 0:00:02]} 9. Nc3 {[%emt 0:00:02]} a6 {[%emt 0:00:02]} 10. O-O {[%emt 0:00:04]} Nd7 {[%emt 0:00:01]} 11. Re1 {[%emt 0:00:03]} b6 {[%emt 0:00:01]} 12. h4 {[%emt 0:00:02]} Bb7 {[%emt 0:00:02]} 13. Bd2 {[%emt 0:00:01]} h5 {[%emt 0:00:02]} 14. Qg3 {[%emt 0:00:20]} g6 15. Nd4 {[%emt 0:00:10]} Rg8 {[%emt 0:00:02]} 16. Ncb5 {[%emt 0:00:05]} axb5 {[%emt 0:00:02]} 17. Nxb5 {[%emt 0:00:04]} Qb8 {[%emt 0:00:04]} 18. Nd6+ {[%emt 0:00:03]} Kd8 {[%emt 0:00:02]} 19. Nxf7+ {[%emt 0:00:01]} Ke8 {[%emt 0:00:04]} 20. Nd6+ {[%emt 0:00:02]} Kd8 21. Bg5 {[%emt 0:00:04]} Nc5 {[%emt 0:00:03]} 22. Qf4 {[%emt 0:00:02]} Nxd3 {[%emt 0:00:03]} 23. cxd3 {[%emt 0:00:03]} Kd7 {[%emt 0:00:02]} 24. Rac1 {[%emt 0:00:02]} Nf5 {[%emt 0:00:03]} 25. Nxf5 {[%emt 0:00:06]} gxf5 {[%emt 0:00:06]} 26. Qf3 {[%emt 0:00:04]} Qe8 {[%emt 0:00:02]} 27. d4 {[%emt 0:00:02]} Be7 {[%emt 0:00:01]} 28. Qb3 {[%emt 0:00:03]} Bxg5 {[%emt 0:00:02]} 29. Qxb6 {[%emt 0:00:03]} Qb8 {[%emt 0:00:03]} 30. hxg5 {[%emt 0:00:03]} Ra6 {[%emt 0:00:04]} 31. Qb5+ {[%emt 0:00:02]} Rc6 {[%emt 0:00:02]} 32. Rc3 {[%emt 0:00:02]} Rxg5 {[%emt 0:00:02]} 33. Rxc6 {[%emt 0:00:04]} 1-0

[Event "4NCL 2019-20"]
[Site "Daventry"]
[Date "2020.02.09"]
[Round "6"]
[White "Hodgson, John H"]
[Black "Golding, Alex"]
[Result "0-1"]
[WhiteElo "2082"]
[BlackElo "2306"]
[Annotator "TA"]
[PlyCount "114"]
[EventDate "2020.01.11"]
[EventCountry "ENG"]
[SourceTitle "playchess.com"]
[Source "ChessBase"]
[SourceQuality "1"]

{[%evp 16,114,36,25,45,41,66,62,82,77,93,82,78,83,115,82,164,147,161,155,165,123,248,243,354,345,350,346,350,348,336,280,389,178,172,176,196,0,0,0,0,0,0,-14,0,0,0,0,0,0,0,0,0,0,0,0,0,-127,0,-635,-635,-702,-702,-667,-663,-353,-334,-353,-346,-338,-334,-435,-399,-845,-837,-707,-637,-671,0,-413,-381,-352,-226,-738,-517,-989,-952,-1098,-1041,-1903,-1727,-12843,-12844,-12844,-12843,-12844,-12844,-12846,-12847,-12849,-12845]} 1. e4 Nf6 2. e5 Nd5 3. d4 d6 4. c4 Nb6 5. exd6 cxd6 6. Nc3 g6 7. Be3 Bg7 8. Rc1 O-O 9. b3 N6d7 {B03: Alekhine's Defence: Four Pawns Attack.} 10. g3 {[#]} Re8 $146 ({Predecessor:} 10... Nf6 11. h3 d5 12. Bg2 dxc4 13. bxc4 Qa5 14. Nge2 Nc6 15. O-O Qa6 16. Qa4 Qxa4 17. Nxa4 {0-1 (65) Rubil,M (2248)-Bawart,M (2364) Vienna 2019}) 11. Bg2 e5 {aiming for ...exd4.White is slightly better.} 12. Nge2 Nc6 {White must now prevent ...exd4.} 13. O-O Nf6 14. h3 Bf5 15. dxe5 Nxe5 (15... dxe5 $16 16. g4 Be6) 16. Nd4 $18 Bd7 17. Ndb5 Bc6 18. Qxd6 Qc8 (18... Qa5 $16) 19. Nxa7 Rxa7 (19... Qf5 {was necessary.}) 20. Bxa7 Nf3+ 21. Bxf3 $1 Bxf3 22. Qf4 Bc6 23. Nd5 Qxh3 {Threatens to win with ...Ng4.} 24. Qf3 (24. Nxf6+ Bxf6 25. f3 Be5 $16) (24. Rfe1 $142 Re6 25. Qb8+ Ne8 26. Rxe6 Qxe6 27. Bc5) 24... Re5 {[%cal Rf6d5]} 25. Rcd1 Qe6 {[%cal Rf6d5]} 26. Qg2 $2 (26. Bd4 $18 Nxd5 27. Bxe5) 26... Nxd5 $11 27. cxd5 Bxd5 28. Rxd5 Rxd5 29. Be3 h5 30. Qf3 {[#]} h4 $1 {[%mdl 512]} 31. gxh4 Bf6 32. Rd1 Rh5 33. Bg5 Bxg5 34. hxg5 Rxg5+ {[%mdl 4096] Endgame KQR-KQR} 35. Kf1 $1 Re5 36. Qd3 (36. Rd8+ $11 Kh7 37. Rd4) 36... Kh7 (36... Qc6 $17 {[%cal Rc6h1]} 37. Qh3 Rh5) 37. Rd2 $2 {[%mdl 8192] [#]} (37. Qc3 $11) 37... Qc6 $1 $19 {[%cal Rc6h1]} ({Weaker is} 37... Re1+ 38. Kg2 $11) 38. f3 {[#]} Qc1+ $1 39. Rd1 Qh6 {( -> ...Qh1+)} 40. Qd2 {Threatening Qxh6+.} Rg5 41. Qd6 Qh1+ 42. Ke2 Qg2+ 43. Ke3 Rf5 44. Kd4 $2 (44. f4 b6 45. Qd7) 44... Qxf3 45. Kc4 Rf4+ 46. Kb5 Rf5+ $2 ({Black should play} 46... Qe2+ $19 47. Kc5 Re4) 47. Kb4 $2 {[%mdl 8192]} (47. Kc4 $1 $11 {and White is okay.}) 47... Qf4+ 48. Qxf4 Rxf4+ {KR-KR} 49. Kb5 $2 (49. Kc5 g5 50. a4) 49... g5 {Black is clearly winning.} 50. a4 (50. Kb6 $142 Rb4+ 51. Kc5) 50... g4 51. b4 f5 52. Rd7+ Kh6 53. Rxb7 g3 54. Rb6+ Kh5 55. Rb8 Rg4 56. Rc8 g2 57. Rc1 f4 {Accuracy: White = 55%, Black = 74%.} 0-1

[Event "4NCL 2019-20"]
[Site "Daventry"]
[Date "2020.02.09"]
[Round "6"]
[White "Pedersen, Carsten"]
[Black "Jackson, Sheila"]
[Result "1-0"]
[WhiteElo "2073"]
[BlackElo "2064"]
[Annotator "NA RC"]
[PlyCount "117"]
[EventDate "2020.01.11"]
[EventCountry "ENG"]
[SourceTitle "playchess.com"]
[Source "ChessBase"]
[SourceQuality "1"]
[TimeControl "40/6000:3000+30"]

1. e4 {[%emt 0:00:00]} e5 {[%emt 0:00:00]} 2. Bc4 {[%emt 0:00:00]} Nf6 {[%emt 0:00:00]} 3. d3 {[%emt 0:00:00]} Bc5 {[%emt 0:00:00]} 4. Nf3 {[%emt 0:00:00]} d6 {[%emt 0:00:06]} 5. O-O {[%emt 0:00:00]} O-O {[%emt 0:05:14]} 6. a4 {[%emt 0:02:32] C24: Bishop's Opening: 2...Nf6.} a6 {[%emt 0:00:00]} 7. Nc3 {[%emt 0:07:15]} Nc6 {[%emt 0:00:49]} 8. Nd5 {[%emt 0:06:20]} h6 {[%emt 0:01:49]} 9. Be3 {[%emt 0:04:30] [#]} Bg4 $146 {[%emt 0:07:39]} ({Predecessor:} 9... Be6 10. Qd2 Bxe3 11. Nxe3 Ng4 12. Bxe6 Nxe3 13. Bxf7+ Rxf7 14. Qxe3 Nd4 15. Nxd4 exd4 16. Qxd4 {1-0 (54) Baranyai,A (1542)-Gyorfi,P Hajduszoboszlo 2014}) 10. Bxc5 {[%emt 0:11:51]} dxc5 {[%emt 0:00:00]} 11. Ne3 {[%emt 0:00:00]} Bxf3 {[%emt 0:00:55]} 12. Qxf3 {[%emt 0:00:00]} Nd4 {[%emt 0:00:00]} 13. Qd1 {[%emt 0:00:00]} b5 {[%emt 0:02:17]} 14. Ba2 {[%emt 0:06:04]} Qd6 {[%emt 0:04:59]} 15. c3 {[%emt 0:06:19]} Ne6 {[%emt 0:00:00]} 16. Nf5 {[%emt 0:00:00]} Qd7 {[%emt 0:02:38]} 17. Qf3 {[%emt 0:04:43]} Kh7 {[%emt 0:13:12]} 18. Rfd1 {[%emt 0:11:44]} Ne8 {[%emt 0:07:07]} 19. axb5 {[%emt 0:03:29]} Qxb5 {[%emt 0:02:05]} 20. Nxh6 {[%emt 0:15:49]} Ng5 {[%emt 0:10:02]} 21. Qf5+ {[%emt 0:00:34]} Kxh6 {[%emt 0:00:00]} 22. f4 exf4 {[%emt 0:01:48]} 23. Qxf4 {[%emt 0:04:18]} Qxb2 {[%emt 0:09:48]} 24. h4 {[%emt 0:00:16]} Qxc3 {[%emt 0:01:41]} 25. hxg5+ {[%emt 0:00:34]} Kh7 {[%emt 0:02:23]} 26. Bxf7 {[%emt 0:01:59]} Qd4+ {[%emt 0:00:15]} 27. Kh1 {[%emt 0:00:07]} g6 {[%emt 0:00:21]} 28. Qh4+ {[%emt 0:00:00]} Kg7 {[%emt 0:00:00]} 29. Qh6+ {[%emt 0:00:00]} Kxf7 {[%emt 0:00:00]} 30. Rf1+ {[%emt 0:00:00]} Nf6 {[%emt 0:00:00]} 31. Rxf6+ {[%emt 0:02:54]} Qxf6 {[%emt 0:00:59]} 32. Qh7+ {[%emt 0:03:00]} Ke6 {[%emt 0:02:24]} 33. gxf6 {[%emt 0:00:00]} Rh8 {[%emt 0:00:33]} 34. Rxa6+ {[%emt 0:00:00]} Ke5 {[%emt 0:01:24]} 35. Qxh8 {[%emt 0:00:00]} Rxh8+ {[%emt 0:00:00]} 36. Kg1 {[%emt 0:00:00]} Rf8 {[%emt 0:03:44]} 37. Rc6 {[%emt 0:00:00]} Kd4 {[%emt 0:02:39]} 38. g4 {[%emt 0:02:48]} g5 {[%emt 0:03:44]} 39. Kg2 {[%emt 0:00:24]} Kxd3 {[%emt 0:00:22]} 40. e5 {[%emt 0:00:34]} Kd4 {[%emt 0:04:45]} 41. e6 {[%emt 0:03:03]} Rxf6 {[%emt 0:06:53]} 42. e7 {[%emt 0:00:10]} Rxc6 {[%emt 0:00:08]} 43. e8=Q {[%emt 0:00:05]} Rd6 {[%emt 0:01:05]} 44. Qh8+ {[%emt 0:07:20]} Ke4 {[%emt 0:07:48]} 45. Qh7+ {[%emt 0:00:55]} Kd4 {[%emt 0:02:17]} 46. Qg7+ {[%emt 0:07:34]} Kd3 {[%emt 0:00:15]} 47. Qxg5 {[%emt 0:01:34]} c4 {[%emt 0:00:32]} 48. Qf5+ {[%emt 0:02:33]} Kd2 {[%emt 0:01:58]} 49. Qf4+ {[%emt 0:06:24]} Kd3 {[%emt 0:02:10]} 50. Qf5+ $2 {[%emt 0:06:13]} Kd2 {[%emt 0:00:29]} 51. g5 $18 {[%emt 0:05:27]} c3 {[%emt 0:00:25]} 52. g6 {[%emt 0:02:04]} c2 {[%emt 0:04:14]} 53. g7 {[%emt 0:00:08]} c1=Q {[%emt 0:00:16]} 54. g8=Q {[%emt 0:01:17]} Qc6+ {[%emt 0:01:10]} 55. Kf2 {[%emt 0:05:35]} Qb6+ {[%emt 0:00:19]} 56. Kf1 {[%emt 0:00:48]} Qa6+ {[%emt 0:00:16]} 57. Kg1 {[%emt 0:04:25]} Qa1+ {[%emt 0:06:08]} 58. Kg2 {[%emt 0:00:09]} Qc3 {[%emt 0:06:42]} 59. Qa2+ {[%emt 0:02:08]} 1-0

[Event "4NCL 2019-20"]
[Site "Daventry"]
[Date "2020.02.09"]
[Round "6"]
[White "Latham, David"]
[Black "Andrzejewska, Anna"]
[Result "1-0"]
[WhiteElo "2064"]
[BlackElo "1974"]
[Annotator "NA"]
[PlyCount "79"]
[EventDate "2020.01.11"]
[EventCountry "ENG"]
[SourceTitle "playchess.com"]
[Source "ChessBase"]
[SourceQuality "1"]
[TimeControl "40/6000:3000+30"]

1. Nf3 {[%emt 0:00:00]} Nf6 {[%emt 0:00:00]} 2. g3 {[%emt 0:00:00]} c5 {[%emt 0:00:02]} 3. Bg2 {[%emt 0:00:00]} d5 {[%emt 0:00:50]} 4. O-O {[%emt 0:00:00]} Nc6 {[%emt 0:02:35]} 5. d4 {[%emt 0:00:09]} e6 {[%emt 0:08:03]} 6. c4 {[%emt 0:02:14]} cxd4 {[%emt 0:21:04]} 7. cxd5 {[%emt 0:02:55]} Nxd5 {[%emt 0:13:05]} 8. Nxd4 {[%emt 0:00:03]} Be7 {[%emt 0:06:58]} 9. Nxc6 bxc6 {[%emt 0:00:00]} 10. e4 {[%emt 0:01:10]} Nf6 {[%emt 0:04:35]} 11. Qc2 {[%emt 0:00:36]} Bd7 {[%emt 0:00:00]} 12. Be3 {[%emt 0:00:15]} O-O {[%emt 0:01:39]} 13. Nc3 {[%emt 0:01:19]} e5 {[%emt 0:06:34]} 14. Na4 {[%emt 0:04:41]} Qc7 {[%emt 0:02:23]} 15. Bc5 {[%emt 0:01:33]} Rfe8 {[%emt 0:02:58]} 16. Rac1 {[%emt 0:01:02]} Rac8 {[%emt 0:02:39]} 17. Rfd1 {[%emt 0:02:50]} Be6 {[%emt 0:01:48]} 18. b3 {[%emt 0:00:20]} Bxc5 {[%emt 0:06:19]} 19. Nxc5 {[%emt 0:03:39]} Nd7 {[%emt 0:01:46]} 20. Nxd7 {[%emt 0:01:07]} Bxd7 {[%emt 0:00:04]} 21. Qc5 {[%emt 0:00:00]} Rb8 {[%emt 0:07:57]} 22. Rd2 {[%emt 0:04:25]} Rec8 {[%emt 0:01:34]} 23. Bf1 {[%emt 0:11:47]} Be8 {[%emt 0:00:39]} 24. Rcd1 {[%emt 0:06:36]} Rb6 {[%emt 0:02:53]} 25. Bc4 {[%emt 0:03:23]} h6 {[%emt 0:01:46]} 26. a4 {[%emt 0:00:30]} Rcb8 {[%emt 0:00:46]} 27. Rd6 {[%emt 0:01:54]} Qe7 {[%emt 0:00:27]} 28. Rxc6 {[%emt 0:00:00]} Qxc5 {[%emt 0:00:03]} 29. Rxc5 {[%emt 0:00:00]} Rb4 {[%emt 0:00:00]} 30. Rdd5 {[%emt 0:03:16]} Kh7 {[%emt 0:00:00]} 31. Rxe5 {[%emt 0:00:21]} f6 {[%emt 0:00:00]} 32. Re7 {[%emt 0:00:00]} R4b7 {[%emt 0:00:00]} 33. Rcc7 {[%emt 0:00:04]} Rxc7 {[%emt 0:00:00]} 34. Rxc7 {[%emt 0:00:00]} Bg6 {[%emt 0:00:00]} 35. f3 {[%emt 0:00:33]} a5 {[%emt 0:00:00]} 36. Kf2 {[%emt 0:00:50]} Rd8 {[%emt 0:00:00]} 37. Bd5 {[%emt 0:00:57]} f5 {[%emt 0:00:00]} 38. Ke3 {[%emt 0:00:04]} fxe4 {[%emt 0:00:00]} 39. fxe4 Rf8 {[%emt 0:00:18]} 40. Rc5 {[%emt 0:00:00]} 1-0

[Event "4NCL 2019-20"]
[Site "Daventry"]
[Date "2020.02.09"]
[Round "6"]
[White "Jackson, Carl"]
[Black "Varney, Zoe"]
[Result "0-1"]
[WhiteElo "2046"]
[BlackElo "2004"]
[Annotator "NA"]
[PlyCount "79"]
[EventDate "2020.01.11"]
[EventCountry "ENG"]
[SourceTitle "playchess.com"]
[Source "ChessBase"]
[SourceQuality "1"]
[TimeControl "40/6000:3000+30"]

1. e4 {[%emt 0:00:14]} e5 {[%emt 0:00:00]} 2. f4 {[%emt 0:00:15]} Bc5 {[%emt 0:00:00]} 3. Nf3 {[%emt 0:00:00]} d6 {[%emt 0:00:00]} 4. Nc3 {[%emt 0:00:00]} Bg4 {[%emt 0:03:27]} 5. h3 {[%emt 0:03:16]} Bxf3 {[%emt 0:00:00]} 6. Qxf3 {[%emt 0:00:00]} Nc6 {[%emt 0:11:29]} 7. Bb5 {[%emt 0:00:20]} exf4 {[%emt 0:08:24]} 8. Na4 {[%emt 0:09:50]} Qh4+ {[%emt 0:04:43]} 9. Kd1 {[%emt 0:00:56]} Nge7 {[%emt 0:04:59]} 10. Nxc5 {[%emt 0:02:00]} dxc5 {[%emt 0:00:00]} 11. d3 {[%emt 0:00:16]} O-O-O {[%emt 0:06:19]} 12. Qxf4 {[%emt 0:05:23]} Qxf4 {[%emt 0:04:38]} 13. Bxf4 {[%emt 0:00:49]} Nd4 {[%emt 0:00:00]} 14. a4 {[%emt 0:03:27]} Kb8 {[%emt 0:21:00]} 15. Be3 {[%emt 0:09:17]} Nxb5 {[%emt 0:11:25]} 16. axb5 {[%emt 0:00:00]} b6 {[%emt 0:00:00]} 17. Rf1 {[%emt 0:04:26]} f6 {[%emt 0:00:50]} 18. g4 {[%emt 0:13:06]} h6 {[%emt 0:01:23]} 19. Ke2 {[%emt 0:06:35]} c6 {[%emt 0:02:00]} 20. e5 {[%emt 0:11:33]} cxb5 {[%emt 0:06:38]} 21. exf6 {[%emt 0:08:52]} gxf6 {[%emt 0:00:37]} 22. Rxf6 {[%emt 0:00:00]} Nd5 {[%emt 0:00:00]} 23. Bf4+ {[%emt 0:00:49]} Nxf4+ {[%emt 0:00:29]} 24. Rxf4 {[%emt 0:00:00]} Rd7 {[%emt 0:00:25]} 25. Raf1 {[%emt 0:01:28]} a5 {[%emt 0:01:51]} 26. Rf6 {[%emt 0:00:57]} Kc7 {[%emt 0:00:53]} 27. Re6 {[%emt 0:00:47]} Rd6 {[%emt 0:01:08]} 28. Rff6 {[%emt 0:01:53]} Rxe6+ {[%emt 0:00:00]} 29. Rxe6 {[%emt 0:00:00]} a4 {[%emt 0:00:00]} 30. c3 {[%emt 0:02:51]} Kb7 {[%emt 0:00:35]} 31. Ke3 {[%emt 0:05:30]} b4 {[%emt 0:00:20]} 32. cxb4 {[%emt 0:00:00]} cxb4 {[%emt 0:00:00]} 33. Kd4 {[%emt 0:01:16]} Rc8 {[%emt 0:03:42]} 34. Rxh6 {[%emt 0:03:01]} a3 {[%emt 0:00:17]} 35. bxa3 {[%emt 0:00:00]} b3 {[%emt 0:00:01]} 36. Rh7+ {[%emt 0:00:00]} Ka6 {[%emt 0:00:00]} 37. g5 {[%emt 0:00:04]} b2 {[%emt 0:00:00]} 38. g6 {[%emt 0:00:00]} b1=Q {[%emt 0:00:00]} 39. h4 {[%emt 0:00:00]} Qg1+ {[%emt 0:00:27]} 40. Ke4 {[%emt 0:00:03]} 0-1

[Event "4NCL 2019-20"]
[Site "Daventry"]
[Date "2020.02.09"]
[Round "6"]
[White "Ledger, Stephen C"]
[Black "Freeman, Gordon"]
[Result "1/2-1/2"]
[WhiteElo "2013"]
[BlackElo "2088"]
[Annotator "NA"]
[PlyCount "56"]
[EventDate "2020.01.11"]
[EventCountry "ENG"]
[SourceTitle "playchess.com"]
[Source "ChessBase"]
[SourceQuality "1"]
[TimeControl "40/6000:3000+30"]

1. d4 {[%emt 0:00:00]} d5 {[%emt 0:00:00]} 2. Bf4 {[%emt 0:00:00]} c6 {[%emt 0:00:00]} 3. e3 {[%emt 0:00:00]} Nf6 {[%emt 0:01:52]} 4. Nd2 {[%emt 0:04:15]} Bf5 {[%emt 0:00:59]} 5. c3 {[%emt 0:02:03]} e6 {[%emt 0:00:00]} 6. Ngf3 {[%emt 0:00:25]} Bd6 {[%emt 0:05:25]} 7. Bg3 {[%emt 0:00:52]} Bxg3 {[%emt 0:00:45]} 8. hxg3 {[%emt 0:00:00]} Nbd7 {[%emt 0:02:29]} 9. Be2 {[%emt 0:04:50]} Ne4 {[%emt 0:03:41]} 10. Nh4 {[%emt 0:10:31]} Ndf6 {[%emt 0:04:44]} 11. Nxe4 {[%emt 0:07:46]} Bxe4 {[%emt 0:03:33]} 12. f3 {[%emt 0:09:01]} Qc7 {[%emt 0:04:41]} 13. Rh3 {[%emt 0:09:32]} g5 {[%emt 0:00:31]} 14. fxe4 {[%emt 0:03:53]} Nxe4 {[%emt 0:00:43]} 15. Bd3 {[%emt 0:06:57]} gxh4 {[%emt 0:04:24]} 16. Bxe4 {[%emt 0:02:53]} dxe4 {[%emt 0:00:00]} 17. Qg4 {[%emt 0:03:19]} hxg3 {[%emt 0:09:27]} 18. Qxe4 {[%emt 0:00:17]} O-O-O {[%emt 0:01:40]} 19. O-O-O {[%emt 0:04:56]} h5 {[%emt 0:11:05]} 20. Rf1 {[%emt 0:04:19]} Rd5 {[%emt 0:07:21]} 21. a3 {[%emt 0:04:16]} Rg5 {[%emt 0:02:49]} 22. Rf4 {[%emt 0:06:30]} Qd7 {[%emt 0:21:07]} 23. Rf3 {[%emt 0:06:26]} Rhg8 {[%emt 0:01:52]} 24. Qh7 {[%emt 0:02:12]} R8g7 {[%emt 0:00:24]} 25. Qh8+ {[%emt 0:00:35]} Rg8 {[%emt 0:04:30]} 26. Qh7 {[%emt 0:00:00]} R8g7 {[%emt 0:02:12]} 27. Qh8+ {[%emt 0:00:20]} Rg8 {[%emt 0:00:32]} 28. Qf6 {[%emt 0:02:53]} e5 {[%emt 0:00:15]} 1/2-1/2

[Event "4NCL 2019-20"]
[Site "Daventry"]
[Date "2020.02.09"]
[Round "6"]
[White "Regan, Natasha K"]
[Black "Ciuksyte, Dagne"]
[Result "0-1"]
[WhiteElo "1956"]
[BlackElo "2295"]
[Annotator "ChessBase"]
[PlyCount "48"]
[EventDate "2020.01.11"]
[EventCountry "ENG"]
[SourceTitle "playchess.com"]
[Source "ChessBase"]
[SourceQuality "1"]
[TimeControl "40/6000:3000+30"]

1. f4 {[%emt 0:00:00]} Nf6 {[%emt 0:00:12]} 2. Nf3 {[%emt 0:00:00]} c5 {[%emt 0:01:00]} 3. g3 {[%emt 0:00:00]} b6 {[%emt 0:09:20]} 4. Bg2 {[%emt 0:00:00]} Bb7 {[%emt 0:00:00]} 5. d3 {[%emt 0:00:05]} d5 {[%emt 0:00:35]} 6. a4 {[%emt 0:00:43]} g6 {[%emt 0:01:10]} 7. O-O {[%emt 0:02:52]} Bg7 {[%emt 0:00:00]} 8. h3 {[%emt 0:06:20]} Nc6 {[%emt 0:02:19]} 9. Qe1 {[%emt 0:01:44]} O-O {[%emt 0:01:14]} 10. g4 {[%emt 0:01:07]} d4 {[%emt 0:19:17]} 11. c3 {[%emt 0:04:12]} Nd5 {[%emt 0:01:34]} 12. Bd2 {[%emt 0:02:39]} Qd7 {[%emt 0:13:38]} 13. Na3 {[%emt 0:07:44]} Na5 {[%emt 0:02:58]} 14. Ne5 {[%emt 0:11:39]} Bxe5 {[%emt 0:01:23]} 15. fxe5 {[%emt 0:00:00]} Nb3 {[%emt 0:00:00]} 16. Bh6 {[%emt 0:21:11]} Nxa1 {[%emt 0:02:07]} 17. Bxf8 {[%emt 0:09:36]} Rxf8 {[%emt 0:00:17]} 18. Qxa1 {[%emt 0:02:23]} Ne3 {[%emt 0:01:02]} 19. e6 {[%emt 0:00:07]} Qc7 {[%emt 0:04:07]} 20. exf7+ {[%emt 0:05:01]} Kg7 {[%emt 0:00:56]} 21. Bxb7 {[%emt 0:02:09]} Qg3+ {[%emt 0:00:24]} 22. Kh1 {[%emt 0:00:42]} Qxh3+ {[%emt 0:00:00]} 23. Kg1 {[%emt 0:00:00]} Qg3+ {[%emt 0:00:00]} 24. Kh1 {[%emt 0:00:00]} Nxg4 {[%emt 0:00:00]} 0-1